Definitive map orders (Record no. 104635)

MARC details
000 -LEADER
fixed length control field 00908cam a2200181 4500
001 - CONTROL NUMBER
control field L131084
008 - FIXED-LENGTH DATA ELEMENTS--GENERAL INFORMATION
fixed length control field 050926n2005 000 0 eng u
035 ## - SYSTEM CONTROL NUMBER
System control number (Sirsi) u131084
041 0# - LANGUAGE CODE
Language code of text/sound track or separate title eng
110 1# - MAIN ENTRY--CORPORATE NAME
Corporate name or jurisdiction name as entry element United Kingdom
Subordinate unit Planning Inspectorate
9 (RLIN) 2192
245 ## - TITLE STATEMENT
Title Definitive map orders
Remainder of title consistency guidelines
260 ## - PUBLICATION, DISTRIBUTION, ETC.
Place of publication, distribution, etc. Bristol
Name of publisher, distributor, etc. Planning Inspectorate
Date of publication, distribution, etc. 2005
520 ## - SUMMARY, ETC.
Summary, etc. The Planning Inspectorate's guidelines provide information and references and relevant case law to assist in the interpretation and weighing of evidence on definitive map orders. They are the primary reference material for inspectors in determining such orders.
590 ## - LOCAL NOTE (RLIN)
Local note IKA270905
690 ## - LOCAL SUBJECT ADDED ENTRY--TOPICAL TERM (OCLC, RLIN)
Topical term or geographic name as entry element Boundary disputes
9 (RLIN) 6221
856 40 - ELECTRONIC LOCATION AND ACCESS
Uniform Resource Identifier <a href="https://www.planning-inspectorate.gov.uk/pins/appeals/rights_of_way/consistency_guidelines_01.htm">https://www.planning-inspectorate.gov.uk/pins/appeals/rights_of_way/consistency_guidelines_01.htm</a>
Public note View the guidelines free of charge at www.planning-inspectorate.gov.uk...
942 ## - ADDED ENTRY ELEMENTS (KOHA)
Suppress in OPAC 0
Holdings
Withdrawn status Lost status Source of classification or shelving scheme Damaged status Not for loan Home library Current library Shelving location Date acquired Total Checkouts Full call number Barcode Date last seen Copy number Price effective from Koha item type
    Dewey Decimal Classification     Virtual Virtual Online 26/09/2005   ONLINE PUBLICATION 131084-2001 06/08/2019 1 06/08/2019 Book